Father McCarthy smokes a pipe and speaks in tongues: (Record no. 3956)
[ view plain ]
| 000 -LEADER | |
|---|---|
| fixed length control field | 00855cam a2200253 4500 |
| 001 - CONTROL NUMBER | |
| control field | 4561473 |
| 003 - CONTROL NUMBER IDENTIFIER | |
| control field | OSt |
| 005 - DATE AND TIME OF LATEST TRANSACTION | |
| control field | 20190904154410.0 |
| 008 - FIXED-LENGTH DATA ELEMENTS--GENERAL INFORMATION | |
| fixed length control field | 731219r19731972ilu 000 0 eng |
| 010 ## - LIBRARY OF CONGRESS CONTROL NUMBER | |
| LC control number | 73082862 |
| 040 ## - CATALOGING SOURCE | |
| Original cataloging agency | DLC |
| Transcribing agency | DLC |
| Modifying agency | DLC |
| 050 00 - LIBRARY OF CONGRESS CALL NUMBER | |
| Classification number | BX2350.57 |
| Item number | .W42 1973 |
| 082 00 - DEWEY DECIMAL CLASSIFICATION NUMBER | |
| Classification number | 289.9 |
| Item number | W361F |
| 100 1# - MAIN ENTRY--PERSONAL NAME | |
| Personal name | Wead, Doug R. |
| 240 10 - UNIFORM TITLE | |
| Uniform title | Catholic charismatics: are they for real? |
| 245 10 - TITLE STATEMENT | |
| Title | Father McCarthy smokes a pipe and speaks in tongues: |
| Remainder of title | An Incredible Journey into the catholic Pentecostal Movement |
| 260 ## - PUBLICATION, DISTRIBUTION, ETC. | |
| Place of publication, distribution, etc. | Virginia; |
| Name of publisher, distributor, etc. | Wisdom House Publishing Company; |
| Date of publication, distribution, etc. | [1972] |
| 300 ## - PHYSICAL DESCRIPTION | |
| Extent | 130 p. |
| Dimensions | 20 cm. |
| 350 ## - PRICE (NR) (BK AM CF MU VM SE) [OBSOLETE] | |
| Price | $3.95 |
| 500 ## - GENERAL NOTE | |
| General note | First published in 1972 under title: Father McCarthy smokes a pipe and speaks in tongues. |
| 650 #0 - SUBJECT ADDED ENTRY--TOPICAL TERM | |
| Topical term or geographic name entry element | Pentecostalism. |
| 906 ## - LOCAL DATA ELEMENT F, LDF (RLIN) | |
| a | 7 |
| b | cbc |
| c | orignew |
| d | 2 |
| e | opcn |
| f | 19 |
| g | y-gencatlg |
| 942 ## - ADDED ENTRY ELEMENTS (KOHA) | |
| Source of classification or shelving scheme | Dewey Decimal Classification |
| Koha item type | Books |
| Withdrawn status | Lost status | Source of classification or shelving scheme | Damaged status | Not for loan | Collection code | Home library | Current library | Shelving location | Date acquired | Cost, normal purchase price | Total Checkouts | Full call number | Barcode | Date last seen | Price effective from | Koha item type |
|---|---|---|---|---|---|---|---|---|---|---|---|---|---|---|---|---|
| Dewey Decimal Classification | Non-fiction | Harvest Mission College | Harvest Mission College | General Stacks | 26.11.2018 | 120.00 | 289.9 W361F | 004524 | 26.11.2018 | 26.11.2018 | Books |
